Slane Concert Headliners - Statistics

General Stats
  • This quiz has been taken 11 times
  • The average score is 10 of 24
Answer Stats
Year Notes Headline Act % Correct
1983 Held at Pheonix Park, Dublin U2
100%
2001 Two Concerts U2
100%
2003 Red Hot Chili Peppers
80%
1982 The Rolling Stones
70%
2007 The Rolling Stones
70%
2009 Oasis
60%
2013 (2) Eminem
50%
1992 Guns N' Roses
50%
2004 Madonna
50%
1981 Thin Lizzy
50%
1986 Queen
40%
2013 (1) Bon Jovi
30%
2011 Kings of Leon
30%
1995 R.E.M.
30%
1999 Robbie Williams
30%
1985 Bruce Springsteen and The E Street Band
20%
2015 Foo Fighters
20%
1998 The Verve
20%
1984 Bob Dylan
10%
2000 Bryan Adams
10%
2006 Celtic Woman
10%
1987 David Bowie
10%
1993 Neil Young
10%
2002 Stereophonics
10%
No matching quizzes found
Score Distribution
Percent of People with Each Score
Percentile by Number Answered
Your Score History
You have not taken this quiz